Sociální politika

Saved in:
Bibliographic Details
Main Author: Krebs, Vojtěch
Format: Book
Language:Czech
Published: Praha CODEX Bohemia 1997
Edition:1. vyd.
Subjects:
Tags: Add Tag
No Tags, Be the first to tag this record!

MARC

LEADER 00000nam a2200000 4500
001 c019643
005 20230223125302.3
020 |a 80-85963-33-7 
041 0 |a cze 
044 |a CZ 
245 1 0 |a Sociální politika  |c Vojtěch Krebs a kolektiv 
250 |a 1. vyd. 
264 1 |a Praha  |b CODEX Bohemia  |c 1997 
300 |a 327 s. 
610 2 0 |a politika sociálna 
610 2 0 |a blahobyt 
610 2 0 |a úroveň životná 
610 2 0 |a transformácia 
610 2 0 |a zabezpečenie sociálne 
610 2 0 |a ochrana zdravia 
610 2 0 |a politika rodinná 
610 2 0 |a demografia 
610 2 0 |a politika bytová 
610 2 0 |a politika zamestnanosti 
610 2 0 |a politika školská 
610 2 0 |a vzdelávanie 
100 1 |a Krebs, Vojtěch